000 01442nam0a2200361 4500
001 RU\NLR\BIBL_A\011909143
005 20190131153431.0
010 _a978-5-386-10546-4
_91200
021 _aRU
_bКН-П-18-093272
_9КН-П-18-6762
035 _a(NLR Aleph) 011909143
035 _a(RuMoRGB)009830458
090 _a10925517
_c10925517
100 _a20190114d2018 u y0rusy50 ca
101 1 _arus
_ceng
102 _aRU
105 _aa|||z|||000zy
200 1 _aМастер лабиринтов
_eсистема развития внимания и концентрации
_fГенри Фрайд
_g[перевод с английского: А. Рындин]
210 _aМосква.
_cРИПОЛ классик
_d2018
215 _a[64] с.
_cил., цв. ил.
_d21
225 1 _aМетодики ведущих спецслужб мира
300 _aНа пер. в подзаг.: Система развития внимания, памяти и мышления
333 _a6+
606 1 _aМышление
_xРазвитие
_91532010
_3RU\NLR\AUTH\66667190
606 1 _aПамять
_xРазвитие
_91814920
_3RU\NLR\AUTH\66819162
606 1 _aГоловоломки
_9891384
_3RU\NLR\AUTH\66322498
686 1 _aЮ935.131
686 1 _aЮ935.12
700 1 _aФрайд
_bГ.
_gГенри
942 _cBOOK
980 _aNBR
980 _aNB